| 000 | 00817nam a22002897a 4500 | ||
|---|---|---|---|
| 003 | CHAP | ||
| 005 | 20220329135748.0 | ||
| 008 | 971013s1837 r 00010 d | ||
| 010 | _a41666 | ||
| 011 | _a42638 | ||
| 035 | _a46767 | ||
| 040 | _cCHAP | ||
| 090 | _aMP-35 | ||
| 100 | 0 | 0 |
_aErichson, Wilhelm Ferdinand. _937303 |
| 245 | 1 | _aDie Kafer der mark Brandenburg | |
| 260 |
_aBerlín : _bMorin, _c1837-39 |
||
| 300 | _av. | ||
| 500 | _aSobretiro de : 1 (1) : 64-384, 1937 | ||
| 590 |
_aBATCH-UPD _b10 _c20130110 _lUCH01 _h2110 |
||
| 590 |
_aBATCH-UPD _b10 _c20130410 _lUCH01 _h1421 |
||
| 590 |
_aBATCH-UPD _b10 _c20130914 _lUCH01 _h1007 |
||
| 590 |
_aCONVERSION _b10 _c20130109 _lUCH01 _h1323 |
||
| 650 | 1 | 4 |
_aColeópteros. _925123 |
| 901 | _aBK | ||
| 942 | _cMP | ||
| 949 |
_aMP-35 _bBC _cMP _d-106545 _eMP _i46767 _si |
||
| 999 |
_c41666 _d41666 |
||